000 00251nam a2200109Ia 4500
008 240625s9999 xx 000 0 und d
041 _aeng
082 _a658.5 ELE
100 _a3G LEARNING
245 _aSERVICE OPERATIONS MANAGEMENT
260 _c2014
999 _c35251
_d35251